000 00337 a2200145 4500
001 168172
020 _a
040 _cMagnum
100 _aNovoa, Antonio (Coord)
240 1 0 _aAs organizacoes escolares em analise
_lpor
245 1 0 _aAs organizacoes escolares em analise
362 0 _a1899
697 _aADMINISTRACAO
942 _cBK
999 _c168172
_d168172